000 00939nam0a22002771 4500
001 RU\NLR\INFOCOMM_161\5000070392
005 20250613093611.0
035 _a(NLR Aleph) 009212161
090 _a8755351
_c8755351
100 _a20100518d1952 |||y0rusy50 ca
101 0 _afre
102 _aRU
105 _ay ||||000|y
200 1 _aLes travaux de la Commission scientifique internationale d'enquête sur la guerre bactériologique en Corée et en Chine
210 _a[Moscou
_cTroud]
_d1952
215 _a8 с.
_d26 см
225 1 _aTemps nouveaux
311 _aSuppl. à la revue "Temps nouveaux" № 39
422 0 _12001#$aTemps nouveaux$v№ 39
_tTemps nouveaux
686 _aИ1900
_2rubbk
710 0 2 _aCommission scientifique internationale d'enquête sur la guerre bactériologique en Corée et en Chine
_4070
801 1 _aRU
_bNLR
_c20100518
801 0 _aRU
_bNLR
_gPSBO
852 _aNLR
_jP43/128
942 _cBOOK
980 _aNB